[Event "HUN-chT"]
[Site "HUN"]
[Date "1992.??.??"]
[Round "8"]
[White "Jagicza, Istvan"]
[Black "Lorincz, Istvan"]
[Result "0-1"]
[WhiteElo "2325"]
[BlackElo "2340"]

1.d4 Nf6 2.Nf3 e6 3.c4 b6 4.Nc3 Bb4 5.Qc2 Bb7 6.Bd2 O-O 7.a3 Bxc3 8.Bxc3 Ne4
9.g3 Nxc3 10.Qxc3 d6 11.Bg2 Nd7 12.O-O Qe7 13.b4 f5 14.Qb3 Kh8 15.Rac1 f4
16.Qc2 fxg3 17.fxg3 Nf6 18.Ng5 Bxg2 19.Kxg2 g6 20.Qd3 a5 21.b5 Nd7 22.h4 e5
23.e3 Kg7 24.d5 Nc5 25.Qc2 Rxf1 26.Rxf1 Rf8 27.Ne4 Rxf1 28.Nxc5 Rf6 29.Ne6+ Kg8
30.e4 h6 31.Qe2 Rf7 32.h5 g5 33.g4 a4 34.Kg3 Qf6 35.Kg2 Kh7 36.Kg3 Qf1 37.Qe3 Qxc4  0-1

[Event "ISR-ch"]
[Site "ISR"]
[Date "1992.??.??"]
[Round "2"]
[White "Lev, Ronen"]
[Black "Kogan, Artur"]
[Result "1-0"]
[WhiteElo "2455"]
[BlackElo "2350"]

1.d4 Nf6 2.c4 e6 3.Nf3 b6 4.Nc3 Bb4 5.Qb3 c5 6.Bg5 h6 7.Bh4 Nc6 8.O-O-O Ba6
9.d5 Na5 10.Qc2 g5 11.Bg3 Bxc4 12.Ne5 Bxc3 13.Nxc4 Nxc4 14.Qxc3 b5 15.b3 Nb6
16.Be5 Nfxd5 17.Qf3 f6 18.Bd6 Kf7 19.e4 Nb4 20.Bxb5 a6 21.Be2 Nc8 22.Bxc5 Qc7
23.Qh5+ Kg7 24.Kb1 Rb8 25.Rc1 Qe5 26.Qf3 a5 27.Rhd1 Rb7 28.Bd4 Qf4 29.e5 Nc6
30.exf6+ Kf7 31.Qxf4 gxf4 32.Bh5+ Kf8 33.Rxc6 dxc6 34.Bc5+ Kg8 35.Rd8+ Kh7
36.Rxh8+ Kxh8 37.f7 Rxf7 38.Bxf7  1-0

[Event "Katowice op"]
[Site "Katowice"]
[Date "1992.??.??"]
[Round "8"]
[White "Kula, Robert"]
[Black "Shipov, Sergei"]
[Result "0-1"]
[WhiteElo "2275"]
[BlackElo "2460"]

1.d4 Nf6 2.c4 e6 3.Nf3 b6 4.Nc3 Bb4 5.Bg5 Bb7 6.e3 h6 7.Bh4 Bxc3+ 8.bxc3 d6
9.Bd3 Nbd7 10.O-O g5 11.Bg3 Qe7 12.Nd2 h5 13.f3 O-O-O 14.Rb1 h4 15.Bf2 g4
16.fxg4 h3 17.g3 Rhg8 18.Be2 Ne4 19.Nxe4 Bxe4 20.Rb5 Nf6 21.Be1 Rg6 22.a4 Qd7
23.a5 Qc6 24.g5 Nh7 25.d5 Qd7 26.axb6 cxb6 27.dxe6 fxe6 28.Qd4 Qc6 29.Rf7 Nxg5
30.Rxa7 Bd3 31.e4 Bxe2 32.Rxb6 Nf3+ 33.Kf2 Nxd4 34.Rxc6+ Nxc6  0-1

[Event "Kecskemet"]
[Site "Kecskemet"]
[Date "1992.??.??"]
[Round "4"]
[White "Groszpeter, Attila"]
[Black "Stajcic, Nikola"]
[Result "1/2-1/2"]
[WhiteElo "2495"]
[BlackElo "2320"]

1.d4 Nf6 2.Nf3 e6 3.c4 b6 4.Nc3 Bb7 5.Bg5 d5 6.cxd5 exd5 7.Qa4+ Qd7 8.Bxf6 Qxa4
9.Nxa4 Bb4+ 10.Nd2 gxf6 11.Rc1 Bd6 12.g3 Nc6 13.e3 Ne7 14.Bh3 f5 15.Nf3 f6
16.Nc3 c6 17.Ne2 Bc8 18.Nf4 Bd7 19.Nh4 Kf7 20.Ke2 Rhd8 21.Rhd1 Rac8 22.Bg2 Ng6
23.Nf3 Nf8 24.Ne1 Ng6 25.Ned3 a5 26.Rc3 Ne7 27.Rdc1 Kf8 28.Bf3 Kg7 29.R3c2 Re8
30.Kf1 Kf8 31.Ne2 Ra8 32.Nc3 a4 33.a3 Bc8 34.Be2 Ba6 35.Nb1 Bc4 36.Nc3 Nc8
37.Ra1 Ke7 38.Na2 b5 39.Nab4 Bxb4 40.Nxb4 Kd6 41.Rac1 Kd7 42.Kg2 Nd6  1/2-1/2

[Event "Leeuwarden op"]
[Site "Leeuwarden"]
[Date "1992.??.??"]
[Round "3"]
[White "Gelpke, Peter"]
[Black "Brenninkmeijer, Joris"]
[Result "1-0"]
[WhiteElo "2405"]
[BlackElo "2485"]

1.d4 Nf6 2.c4 e6 3.Nf3 b6 4.Nc3 Bb7 5.g3 Bb4 6.Bd2 O-O 7.Bg2 d6 8.O-O Nbd7
9.a3 Bxc3 10.Bxc3 Be4 11.Nd2 Bxg2 12.Kxg2 c5 13.e4 cxd4 14.Bxd4 Qc7 15.Qe2 Qb7
16.f3 Rfc8 17.b4 a6 18.a4 Rc7 19.Rfb1 a5 20.Qd3 Qc6 21.b5 Qb7 22.Bxf6 Nxf6
23.Qxd6 Rd7 24.Qf4 e5 25.Qe3 Rad8 26.Nb3 Rd3 27.Qe1 Qc8 28.c5 bxc5 29.Ra2 c4
30.Nxa5 c3 31.Nc6 Qe6 32.Rf2 Ra8 33.Rc1 Rxa4 34.Rxc3 Rxc3 35.Qxc3 Nd7 36.Rd2 h6
37.Nd8 Qe8 38.Qc7 Nf6 39.b6 Rb4 40.b7 Qb5  1-0

[Event "Manila ol (Women)"]
[Site "Manila"]
[Date "1992.??.??"]
[Round "?"]
[White "Wong, Audrey"]
[Black "Ankerst, Milka"]
[Result "1/2-1/2"]
[WhiteElo "2020"]
[BlackElo "2195"]

1.d4 Nf6 2.Nf3 e6 3.c4 b6 4.Nc3 Bb7 5.Bg5 h6 6.Bh4 Bb4 7.e3 Bxc3+ 8.bxc3 Qe7
9.Qc2 d6 10.Bxf6 Qxf6 11.Be2 Nd7 12.O-O O-O 13.Rfe1 Rfe8 14.e4 e5 15.d5 a5
16.a4 Nc5 17.Nd2 Qg6 18.Bf1 Bc8 19.Nb3 Nd7 20.Re3 Nf6 21.Rd1 Nh5 22.Kh1 f5
23.exf5 Bxf5 24.Qd2 Rf8 25.f3 Bc2 26.Bd3 Bxd3 27.Qxd3 Qg5 28.Nd2 Rf7 29.Ne4 Qg6
30.Nf2 Qxd3 31.Nxd3 Raf8 32.Kg1 Nf4 33.Nxf4 Rxf4 34.Re4 R4f6 35.h4 Kh7 36.Kh2 g5
37.hxg5 hxg5 38.Kg3 Kg6 39.Rh1 Rf4 40.Rhe1 Rh4 41.Rxh4 gxh4+ 42.Kh3 Rf4 43.Re4 Rxe4
44.fxe4 Kh5 45.g3 hxg3 46.Kxg3 Kg5 47.c5 dxc5 48.c4 Kf6 49.Kg4 Ke7 50.Kf5 Kd6
51.Kg4 Ke7 52.Kf3 Kf6 53.Kg4 Kg6 54.Kh4 Kf7 55.Kg3 Kf6 56.Kg4 Ke7 57.Kf3 Kd7
58.Kg3  1/2-1/2

[Event "Manila ol (Men)"]
[Site "Manila"]
[Date "1992.??.??"]
[Round "?"]
[White "Temirbaev, Serik"]
[Black "Solomon, Stephen J"]
[Result "1/2-1/2"]
[WhiteElo "2435"]
[BlackElo "2445"]

1.d4 Nf6 2.c4 e6 3.Nf3 b6 4.Nc3 Bb4 5.Bg5 h6 6.Bh4 Bb7 7.e3 Bxc3+ 8.bxc3 d6
9.Nd2 Nbd7 10.f3 Qe7 11.Be2 e5 12.e4 g5 13.Bf2 Nh5 14.O-O Nf4 15.Re1 h5 16.Nf1 O-O-O
17.Ne3 h4 18.Bf1 Kb8 19.Rb1 Rdg8 20.h3 Ne6 21.Nf5 Qe8 22.a4 a5 23.c5 dxc5
24.Bb5 c6 25.Bc4 Qd8 26.Nd6 Qe7 27.Nf5 Qd8 28.Bxe6 fxe6 29.Nd6 exd4 30.cxd4 cxd4
31.Qxd4 Qc7 32.Red1 Rh7 33.Qc3 c5 34.Rd2 e5 35.Rbd1 Bc6 36.Rd3 Rg6 37.Qc4 Ka7
38.Be1 Nf8 39.Bc3 Rd7 40.Bxe5 Qd8 41.Qb3 Ne6 42.Nc4 Rxd3 43.Rxd3 Bxa4 44.Qa3 Qe8
45.Rd6 Nf8 46.Rxg6 Nxg6 47.Bc7 Qb5 48.Nxb6 Bb3 49.Nd7 a4 50.Nxc5 Nf4 51.Bxf4 gxf4
52.e5 Kb6 53.Ne4 Qxe5 54.Qb4+ Kc6 55.Kh2 Qd5 56.Qe7 Qd4 57.Qf8 Kb5 58.Qxf4 Bc2
59.Qb8+ Kc4 60.Qc7+ Kb3 61.Nc5+ Ka2 62.Ne6 Qd3 63.Qc5 Bb3 64.Nd4 Qe3 65.Qd6 Qd2
66.Qf6 Bc4 67.Qc6 Qf4+ 68.Kh1 Qc1+ 69.Kh2 Qf4+ 70.Kh1 Qxd4 71.Qxa4+ Kb2 72.Qe8 Qf2
73.Qe5+ Kc2 74.Kh2 Bd3 75.Qf4 Kb3 76.Qb8+ Kc3 77.Qe5+ Kc2 78.Qf4 Kd1 79.Qa4+ Ke1
80.Qa1+ Ke2 81.Qb2+ Kf1 82.Qc1+ Ke2 83.Qb2+ Kf1 84.Qc1+ Qe1 85.Qxe1+ Kxe1
86.g3 Kf2  1/2-1/2

[Event "Manila ol (Men)"]
[Site "Manila"]
[Date "1992.??.??"]
[Round "?"]
[White "Ravi, Lanka"]
[Black "Brynell, Stellan"]
[Result "1-0"]
[WhiteElo "2370"]
[BlackElo "2410"]

1.Nf3 Nf6 2.d4 e6 3.c4 b6 4.Nc3 Bb4 5.Bg5 Bb7 6.e3 h6 7.Bh4 Bxc3+ 8.bxc3 d6
9.Nd2 g5 10.Bg3 Nbd7 11.h4 Ke7 12.Qe2 Qg8 13.e4 Qg6 14.h5 Qh7 15.f3 Rhe8
16.Qe3 Kf8 17.e5 dxe5 18.dxe5 Ng8 19.Bd3 Qg7 20.O-O Nc5 21.Bc2 Ne7 22.Bh2 Rad8
23.g4 Rd7 24.Nb3 Nxb3 25.axb3 a5 26.Bg3 Red8 27.Rf2 Kg8 28.Kh2 Kh8 29.f4 gxf4
30.Qxf4 Qg5 31.Kh3 Qxf4 32.Bxf4 Kg7 33.Raf1 a4 34.b4 a3 35.Kh4 Ng8 36.g5 hxg5+
37.Bxg5 Ra8 38.Rg1 a2 39.Be7+ Kh8 40.Bf6+ Nxf6 41.Rxf6  1-0

[Event "Moscow4"]
[Site "Moscow"]
[Date "1992.??.??"]
[Round "?"]
[White "Baikov, Vladimir A"]
[Black "Laketic, Gojko"]
[Result "0-1"]
[WhiteElo "2345"]
[BlackElo "2480"]

1.d4 Nf6 2.c4 e6 3.Nf3 b6 4.Nc3 Bb4 5.Bg5 Bb7 6.e3 h6 7.Bh4 Bxc3+ 8.bxc3 Qe7
9.Bd3 d6 10.Qc2 Nbd7 11.O-O-O O-O-O 12.h3 Kb8 13.e4 e5 14.Rhe1 g5 15.Bg3 Nh5
16.Bh2 Nf4 17.Bf1 Qf6 18.Re3 Rhe8 19.Ng1 Qg6 20.d5 Nc5 21.Ne2 Bc8 22.Ng3 h5
23.f3 h4 24.Nf5 Qf6 25.Bxf4 gxf4 26.Ree1 Rg8 27.Bd3 Rg6 28.Qf2 Rh8 29.Bc2 Bxf5
30.exf5 Rg3 31.Kb2 Rhg8 32.Rd2 R8g5 33.Ree2 Qg7 34.Qf1 Qg8 35.Rf2 Qc8 36.Qe2 Qa6
37.Qf1 Qa5 38.Qc1 Ka8 39.Rfe2 Qa6 40.Bb3 Rxf5 41.Qb1 Rh5 42.Rf2 Kb8 43.Rde2 f5
44.Qc2 Rg8 45.a4 Qa5 46.Ka3 Rhg5 47.Kb2 Rh5 48.Ka3 Rg3 49.Kb2 e4 50.fxe4 fxe4
51.Rf1 Re5 52.Qd2 Kb7 53.Bc2 Nxa4+ 54.Bxa4 Qxa4 55.Rxf4 Qxc4 56.Qc2 Rxc3
57.Qxc3 Qxe2+  0-1

[Event "Moscow Tal mem"]
[Site "Moscow"]
[Date "1992.??.??"]
[Round "?"]
[White "Kharitonov, Andrei Y"]
[Black "Podgaets, Mikhail"]
[Result "1-0"]
[WhiteElo "2505"]
[BlackElo "2450"]

1.d4 Nf6 2.Nf3 e6 3.c4 b6 4.Nc3 Bb7 5.e3 d5 6.cxd5 exd5 7.Bb5+ c6 8.Bd3 Bd6
9.O-O Nbd7 10.e4 dxe4 11.Nxe4 Nxe4 12.Bxe4 O-O 13.Bg5 Nf6 14.Bc2 h6 15.Bh4 g5
16.Nxg5 hxg5 17.Bxg5 c5 18.Qd3 Re8 19.Rfe1 Bxh2+ 20.Kxh2 Ng4+ 21.Kg3 Qxg5
22.Qh7+ Kf8 23.Qh8+ Qg8 24.Qxg8+ Kxg8 25.Kxg4 cxd4 26.Bd3 Kf8 27.f3 Bd5 28.a3 Bb3
29.Kf4 Rac8 30.Rh1 Ke7 31.Rae1+ Kd6 32.Re4 Rxe4+ 33.Kxe4 Rg8 34.Rh2 Kc5 35.Rh5+ Kc6
36.g4 Rd8 37.Bb5+ Kc7 38.f4 Be6 39.Rg5 a5 40.Kd3 Ba2 41.Rg7 Bb1+ 42.Kd2 Rh8
43.Rxf7+ Kd6 44.Rd7+ Kc5 45.Be2 Rh2 46.b4+ axb4 47.axb4+ Kxb4 48.Rxd4+ Kc5
49.Rd8 b5 50.f5 b4 51.Rb8 Be4 52.Ke3 Bc6 53.f6 Bd5 54.g5 b3 55.g6 Rh3+ 56.Kf4 Rh2  1-0

[Event "Moscow Tal mem"]
[Site "Moscow"]
[Date "1992.??.??"]
[Round "?"]
[White "Donchenko, Anatoly G"]
[Black "Kiselev, Sergey"]
[Result "1/2-1/2"]
[WhiteElo "2385"]
[BlackElo "2530"]

1.d4 Nf6 2.Nf3 e6 3.c4 b6 4.Nc3 Bb4 5.Qc2 Bb7 6.a3 Bxc3+ 7.Qxc3 d6 8.e3 O-O
9.Be2 Nbd7 10.b4 Ne4 11.Qc2 f5 12.O-O Rf6 13.d5 exd5 14.Bb2 Rf7 15.Rad1 c5
16.cxd5 Qe7 17.Qb3 Ndf6 18.Ne1 h6 19.g3 Ng5 20.h4 Nge4 21.Ng2 g5 22.Ba1 Kh7
23.Bxf6 Qxf6 24.Kh2 Rg8 25.Bd3 Qe5 26.f4 gxf4 27.exf4 Qc3 28.Qxc3 Nxc3 29.Rd2 Bxd5
30.Ne3 Ne4 31.Bxe4 Bxe4 32.Rxd6 cxb4 33.axb4 Rc7 34.Rfd1 Rc3 35.Rd7+ Rg7
36.Rxg7+ Kxg7 37.Rd7+ Kg6 38.Nd5 Rb3 39.h5+ Kxh5 40.Nf6+ Kg6 41.Nxe4 fxe4
42.Rxa7 Rxb4 43.Re7  1/2-1/2

[Event "Munich op9192"]
[Site "Munich"]
[Date "1992.??.??"]
[Round "9"]
[White "Aseev, Konstantin N"]
[Black "Greenfeld, Alon"]
[Result "0-1"]
[WhiteElo "2525"]
[BlackElo "2515"]

1.d4 Nf6 2.c4 e6 3.Nf3 b6 4.Nc3 Bb7 5.Bg5 Be7 6.Qc2 c5 7.Rd1 O-O 8.e4 cxd4
9.Nxd4 a6 10.Be2 Nc6 11.O-O Rc8 12.Nxc6 Bxc6 13.Bf4 b5 14.e5 Ne8 15.cxb5 axb5
16.Bd3 f5 17.exf6 Nxf6 18.a3 Qe8 19.Rde1 Kh8 20.Be5 Qh5 21.Bg3 b4 22.axb4 Bxb4
23.Re5 Qh6 24.Qe2 Bd6 25.Ra5 Bb4 26.Re5 Bd6 27.Ra5 Bxg3 28.hxg3 Rb8 29.Rc5 Rxb2
30.Qxb2 Ng4 31.Rb1 Qh2+ 32.Kf1 Qh1+  0-1

[Event "NED-chT"]
[Site "NED"]
[Date "1992.??.??"]
[Round "?"]
[White "Peek, Marcel"]
[Black "Van der Wiel, John TH"]
[Result "0-1"]
[WhiteElo "2340"]
[BlackElo "2540"]

1.d4 Nf6 2.c4 e6 3.Nf3 b6 4.Nc3 Bb7 5.a3 d5 6.cxd5 Nxd5 7.Qa4+ Qd7 8.Qc2 Nxc3
9.bxc3 Be7 10.e4 O-O 11.Bd3 c5 12.O-O cxd4 13.cxd4 Ba6 14.Bf4 Rc8 15.Qb3 Bxd3
16.Qxd3 Qa4 17.d5 exd5 18.Qxd5 Nd7 19.Rac1 Nf6 20.Qb7 Qd7 21.Qxd7 Nxd7 22.a4 Nc5
23.Rc4 Ne6 24.Rxc8+ Rxc8 25.Rc1 Rxc1+ 26.Bxc1 Kf8 27.Be3 Bc5 28.Bd2 Ke7 29.Ne5 a6
30.Kf1 f6 31.Nd3 Kd6 32.Ke2 Bd4 33.f3 a5 34.Bc1 Kc6 35.h3 b5 36.axb5+ Kxb5
37.Kd2 Kc4 38.Kc2 a4 39.h4 Bc3 40.Be3 a3 41.Nc1 Bd4 42.Bxd4 Kxd4 43.Kd2 h5
44.Nd3 a2 45.Nb4 a1=N 46.Nc6+ Kc5 47.Ne7 Nb3+ 48.Ke3 Na5 49.g3 Nc4+ 50.Kd3 Ne5+
51.Ke3 Nd4 52.f4 Ng4+ 53.Kd3 Ne6 54.Nf5 Kc6 55.Ke2 Kd7  0-1

[Event "Norresundby op"]
[Site "Norresundby"]
[Date "1992.??.??"]
[Round "3"]
[White "Groszpeter, Attila"]
[Black "Danielsen, Henrik"]
[Result "1/2-1/2"]
[WhiteElo "2495"]
[BlackElo "2390"]

1.d4 Nf6 2.c4 e6 3.Nf3 b6 4.Nc3 Bb7 5.g3 Bb4 6.Bg2 O-O 7.O-O Bxc3 8.bxc3 d6
9.Re1 Nbd7 10.a4 a5 11.Qc2 Be4 12.Qb3 Re8 13.Bh3 Bb7 14.Nd2 e5 15.Ba3 h5
16.Rad1 Rb8 17.Qc2 e4 18.Nf1 Ng4  1/2-1/2

[Event "Osijek"]
[Site "Osijek"]
[Date "1992.??.??"]
[Round "?"]
[White "Kozul, Zdenko"]
[Black "Cebalo, Miso"]
[Result "0-1"]
[WhiteElo "2545"]
[BlackElo "2515"]

1.d4 Nf6 2.Nf3 e6 3.c4 b6 4.Nc3 Bb4 5.Qc2 Bb7 6.a3 Bxc3+ 7.Qxc3 O-O 8.e3 Ne4
9.Qc2 f5 10.Bd3 d6 11.O-O Nd7 12.Nd2 Qh4 13.g3 Ng5 14.d5 Qh5 15.f4 Nh3+ 16.Kg2 exd5
17.cxd5 Bxd5+ 18.Nf3 Kh8 19.b4 Rae8 20.Bd2 Nf6 21.Rae1 Nxf4+ 22.exf4 Ng4
23.h3 Rxe1 24.hxg4 fxg4 25.Rxe1 gxf3+ 26.Kf2 Qh2+ 27.Ke3 c5 28.bxc5 bxc5
29.Bb5 f2 30.Rb1 Qxg3+ 31.Ke2 Qf3+ 32.Kf1 Qg2+  0-1

[Event "Oslo-B"]
[Site "Oslo"]
[Date "1992.??.??"]
[Round "3"]
[White "Hultin, Johan"]
[Black "Jansson, Joran"]
[Result "1-0"]
[WhiteElo "2225"]
[BlackElo "2310"]

1.d4 Nf6 2.c4 e6 3.Nf3 b6 4.Nc3 Bb4 5.Bg5 h6 6.Bh4 Bxc3+ 7.bxc3 Bb7 8.Nd2 d6
9.f3 Nbd7 10.e4 e5 11.Be2 O-O 12.Nf1 Re8 13.Ne3 Nf8 14.Nd5 g5 15.Bf2 Ng6
16.Qd2 exd4 17.Nxf6+ Qxf6 18.cxd4 Nf4 19.O-O Qg6 20.Bd1 f5 21.Bc2 fxe4 22.d5 Ba6
23.Bxe4 Rxe4 24.fxe4 Qxe4 25.Bg3 Ne2+ 26.Kh1 Nxg3+ 27.hxg3 Bxc4 28.Rfe1 Qxd5
29.Qc3 Qf7 30.Re3 d5 31.Rae1 c5 32.Re7 d4 33.Qc2 Qh5+ 34.Kg1 Bf7 35.Qe4 Rd8
36.Rf1 Qg6 37.Qe5 Rf8 38.Rf6 Qg7 39.Qd6 d3 40.Rexf7 Rxf7 41.Rg6 c4 42.Rxg7+ Kxg7
43.Qd4+ Kf8 44.Qxc4 Rd7 45.Qe6 Rd8 46.Qxh6+ Ke8 47.Qg6+ Kf8 48.Qxg5  1-0

[Event "Oslo-B"]
[Site "Oslo"]
[Date "1992.??.??"]
[Round "7"]
[White "Hultin, Johan"]
[Black "Diesen, Bruce"]
[Result "1-0"]
[WhiteElo "2225"]
[BlackElo "2325"]

1.d4 Nf6 2.c4 e6 3.Nf3 b6 4.Nc3 Bb7 5.a3 d5 6.cxd5 exd5 7.g3 Be7 8.Qa4+ c6
9.Bg2 O-O 10.O-O Nbd7 11.Bf4 Re8 12.Rfe1 a6 13.b4 Bf8 14.Qb3 h6 15.Rad1 Qe7
16.Ne5 Nxe5 17.Bxe5 Nd7 18.Bf4 a5 19.Rb1 b5 20.Bc7 a4 21.Qa2 g5 22.e4 Rac8
23.Ba5 Bg7 24.Qd2 Qf6 25.Bh3 Qxd4 26.Qxd4 Bxd4 27.Ne2 Bxf2+ 28.Kxf2 Re7 29.exd5 Rce8
30.d6 Ne5 31.dxe7 Nd3+ 32.Ke3 Nxe1 33.Bd8 Nc2+ 34.Kd3 Nxa3 35.Rc1 Nc4 36.Rxc4 bxc4+
37.Kc3 c5 38.Bd7 cxb4+ 39.Kxb4 Rxe7 40.Bxe7 Bf3 41.Nd4 Bd1 42.Bf6 Kh7 43.Bf5+ Kg8
44.Nb5 Bb3 45.Nc3  1-0

[Event "Ostrava op"]
[Site "Ostrava"]
[Date "1992.??.??"]
[Round "1"]
[White "Velicka, Petr"]
[Black "Kolar, Srecko"]
[Result "1-0"]
[WhiteElo "2410"]
[BlackElo "2300"]

1.d4 Nf6 2.c4 e6 3.Nf3 b6 4.Nc3 Ba6 5.e4 Bb4 6.Bd3 Bb7 7.Qe2 d6 8.Bd2 Nbd7
9.O-O O-O 10.a3 Bxc3 11.Bxc3 d5 12.cxd5 exd5 13.e5 Ne4 14.Nd2 Nxc3 15.bxc3 Re8
16.f4 c5 17.Qh5 Nf8 18.Nf3 f6 19.exf6 Qxf6 20.Ne5 cxd4 21.cxd4 g6 22.Qh6 Qg7
23.Qh4 Bc8 24.f5 Bxf5 25.Bxf5 gxf5 26.Rxf5 Ng6 27.Nxg6 hxg6 28.Rxd5 Rac8
29.Qg4 Red8 30.Rxd8+ Rxd8 31.Rd1 Rd5 32.h3 b5 33.Kh1 Qf7 34.Rc1 Kg7 35.Rc6 a5
36.Qg3 Rd7 37.Qe5+ Kh7 38.Rf6 Qe7  1-0

[Event "Rubinstein mem"]
[Site "Polanica Zdroj"]
[Date "1992.??.??"]
[Round "8"]
[White "Cifuentes Parada, Roberto"]
[Black "Dorfman, Josif D"]
[Result "1/2-1/2"]
[WhiteElo "2490"]
[BlackElo "2610"]

1.d4 Nf6 2.Nf3 e6 3.c4 b6 4.Nc3 Bb4 5.Bg5 h6 6.Bh4 Bxc3+ 7.bxc3 Bb7 8.Nd2 g5
9.Bg3 d6 10.e3 Qe7 11.h4 Rg8 12.hxg5 hxg5 13.Rh2 c5 14.Be2 Nbd7 15.Bf3 O-O-O
16.Bxb7+ Kxb7 17.Qf3+ Kc7 18.a4 a5 19.O-O-O g4 20.Qf4 e5 21.Qf5 Qe6 22.Qxe6 fxe6
23.Rh6 Rdf8 24.Kc2 exd4 25.cxd4 Kc6 26.d5+ exd5 27.cxd5+ Kc7 28.Nc4 Ne4 29.Rxd6 Nxg3
30.Rc6+ Kb7 31.fxg3 Rf2+ 32.Rd2 Rf6 33.Nd6+ Kb8 34.e4 Ne5 35.Rxb6+ Kc7 36.Ne8+ Kxb6
37.Nxf6 Rf8 38.Rf2 Kc7 39.Rf5 Nc4 40.Nxg4 Rg8 41.Rf7+ Kc8 42.Rf4 Rxg4 43.Rxg4 Ne3+
44.Kd3 Nxg4 45.Kc4 Nf6 46.Kxc5 Nxe4+ 47.Kb6 Kd7 48.Kxa5 Nc3 49.Kb4 Nxd5+
50.Kc5 Ke6  1/2-1/2

[Event "Rubinstein mem"]
[Site "Polanica Zdroj"]
[Date "1992.??.??"]
[Round "9"]
[White "Dorfman, Josif D"]
[Black "Romanishin, Oleg M"]
[Result "1/2-1/2"]
[WhiteElo "2610"]
[BlackElo "2555"]

1.d4 Nf6 2.c4 e6 3.Nf3 b6 4.Nc3 Bb7 5.a3 g6 6.Qc2 Bxf3 7.gxf3 Bg7 8.Bg5 h6
9.Bh4 Nc6 10.O-O-O Ne7 11.d5 exd5 12.cxd5 Nf5 13.Bg3 O-O 14.e4 Nxg3 15.hxg3 Qe7
16.f4 d6 17.Bb5 a6 18.Bc6 Rab8 19.Rhe1 b5 20.e5 dxe5 21.fxe5 Ng4 22.Re4 Nxe5
23.f4 Nxc6 24.Rxe7 Nxe7 25.g4 b4 26.axb4 Rxb4 27.Re1 Nc8 28.Re4 Rb8 29.Qa4 Nd6
30.Re7 Rb7 31.Qc6 Rc8 32.f5 gxf5 33.gxf5 Bf6 34.Re2 Rcb8 35.Qxa6 Rb4 36.Qd3 Rg4
37.Qh3 Bg5+ 38.Kd1  1/2-1/2

[Event "Prague DDM-C"]
[Site "Prague"]
[Date "1992.??.??"]
[Round "5"]
[White "Orsag, Milan"]
[Black "Liebert, Heinz"]
[Result "1-0"]
[WhiteElo "2375"]
[BlackElo "2380"]

1.d4 Nf6 2.c4 e6 3.Nf3 b6 4.Nc3 Bb4 5.Bg5 Bb7 6.e3 h6 7.Bh4 Bxc3+ 8.bxc3 d6
9.Nd2 Nbd7 10.f3 O-O 11.Bd3 c5 12.O-O Qc7 13.e4 cxd4 14.cxd4 e5 15.Bf2 exd4
16.Bxd4 Nc5 17.Be2 Qe7 18.Nb3 Nfd7 19.Qd2 Rac8 20.Rac1 Ne5 21.Be3 Nc6 22.Rfd1 Rfd8
23.Bf4 Ne5 24.Nd4 f6 25.Nf5 Qf8 26.Qe1 Ne6 27.Be3 Kh7 28.Rc3 Rc7 29.Qd2 Nc5
30.Ra3 Bc8 31.Nd4 Qf7 32.Rc1 Nc6 33.Nb5 Rcd7 34.Nc3 Ne7 35.Rd1 f5 36.exf5 Nxf5
37.Bf2 Re8 38.g4 Ne7 39.Nb5 Ng6 40.Bg3  1-0

[Event "CSR-ch"]
[Site "Prague"]
[Date "1992.??.??"]
[Round "8"]
[White "Gross, Stefan"]
[Black "Piza, Vlastimil"]
[Result "1-0"]
[WhiteElo "2385"]
[BlackElo "2305"]

1.Nf3 Nf6 2.c4 e6 3.d4 b6 4.Nc3 Bb7 5.a3 d5 6.cxd5 exd5 7.Bf4 Bd6 8.g3 O-O
9.Bg2 Re8 10.O-O a6 11.b4 Ne4 12.Rc1 Nd7 13.Bxd6 Nxd6 14.Qb3 c6 15.a4 b5
16.a5 Nc4 17.Rfd1 Qc7 18.Nd2 Nf6 19.Nxc4 bxc4 20.Qb1 Rab8 21.e4 Qd8 22.e5 Nd7
23.Rd2 Nf8 24.f4 Bc8 25.Na4 g6 26.Nb6 Bf5 27.Qb2 Rxb6 28.axb6 Qxb6 29.Qc3 Rb8
30.h3 Ne6 31.Bf1 Qxb4 32.Qe3 Qb3 33.Rc3 Qb1 34.g4 Bd3 35.Rf2 c5 36.Rc1 Qb3
37.Bxd3 cxd4 38.Qg3 cxd3 39.Rd2 Qa3 40.Rcd1 Nc5 41.f5 Ne4 42.Rxd3 Qa2 43.Qf3 Ng5
44.Qf4 Rb2 45.e6 Rg2+ 46.Kh1 Rf2 47.e7 Rxf4 48.e8=Q+ Kg7 49.Qe5+ f6 50.Qc7+ Kg8
51.Qxf4 Ne4 52.R1d2 Qb1+ 53.Kg2 Qe1 54.Rb2 g5 55.Qb8+  1-0

[Event "ROM-chT"]
[Site "?"]
[Date "1992.??.??"]
[Round "?"]
[White "Ghitescu, Theodor"]
[Black "Itkis, Boris"]
[Result "1-0"]
[WhiteElo "2435"]
[BlackElo "2355"]

1.d4 Nf6 2.c4 e6 3.Nf3 b6 4.Nc3 Bb7 5.Bg5 Be7 6.e3 O-O 7.Bd3 c5 8.O-O h6
9.Bh4 cxd4 10.Nxd4 Nc6 11.Nxc6 Bxc6 12.Qe2 Bb7 13.Bg3 d6 14.Rfd1 a6 15.Rac1 Rc8
16.e4 Qc7 17.Bf4 Nd7 18.b3 Ne5 19.Bb1 Qc6 20.f3 Qc7 21.Be3 Nd7 22.Qf2 Rfe8
23.Qg3 Kh8 24.Bd4 Bf8 25.f4 b5 26.cxb5 axb5 27.Ne2 Qb8 28.Rxc8 Rxc8 29.Bb2 Nc5
30.Qe3 b4 31.Ng3 e5 32.Nf5 Kh7 33.Qf3 f6 34.Ne3 Kg8 35.Nd5 Bc6 36.h3 Qb7
37.Kh2 Re8 38.f5 Ra8 39.Qg4 Kh8 40.Bc1 Na6 41.Bd2 Rb8 42.Be1 Rc8 43.Qe2 Bxd5
44.Rxd5 Nc5 45.Rd1 Rb8 46.Qc4 Be7 47.Qf7 Rf8 48.Qd5 Qxd5 49.Rxd5 Rb8 50.Rd1 Kg8
51.Rc1 Bd8 52.Rc4 Ba5 53.a3 Na6 54.Rc6 Rb6 55.Rxb6 Bxb6 56.axb4 Kf7 57.Bd3 Nc7
58.Kg3 d5 59.Kf3 Ke7 60.b5 Bc5 61.b6 Bxb6 62.Bb4+ Ke8 63.exd5 Nxd5 64.Bb5+ Kd8
65.Bf8 e4+ 66.Kg4 Ne3+ 67.Kh5 Nxf5 68.g4 Nd4 69.Bc4 g5 70.Bg7 Ke7 71.Kg6 e3
72.Bxf6+ Kd6 73.Bxd4 Bxd4 74.Kxh6 Bf6 75.b4 Ke5 76.b5 Kf4 77.b6 Bd4 78.b7 Be5
79.Kh5 Bc7 80.h4 gxh4 81.Kxh4 Ke5 82.g5 Kd6 83.g6 Ke7 84.Kg5 Be5 85.g7 e2
86.g8=Q  1-0

[Event "Roquebrune rapid"]
[Site "Roquebrune"]
[Date "1992.??.??"]
[Round "1"]
[White "Piket, Jeroen"]
[Black "Ljubojevic, Ljubomir"]
[Result "1/2-1/2"]
[WhiteElo "2615"]
[BlackElo "2610"]

1.d4 Nf6 2.c4 e6 3.Nf3 b6 4.Nc3 Bb7 5.a3 d5 6.Qa4+ c6 7.cxd5 exd5 8.Bg5 Be7
9.e3 O-O 10.Bd3 Nbd7 11.O-O Re8 12.Rad1 Ne4 13.Bxe4 Bxg5 14.Bb1 Bh6 15.Rfe1 g6
16.e4 dxe4 17.Nxe4 Nf6 18.Ne5 Nd5 19.Ba2 Bg7 20.Nxc6 Qd7 21.Bxd5 Qxd5 22.Nb4 Qd8
23.d5 Bxb2 24.Qc2 Bg7 25.h4 Qd7 26.h5 Rac8 27.Nc6 gxh5 28.Ng5 h6 29.Qh7+ Kf8
30.Ne6+ fxe6 31.Rd3 Qf7 32.Rf3 Qxf3 33.gxf3 Bxc6 34.dxc6 Rxc6 35.Rd1 Rc7
36.Kg2 Rf7 37.Qg6 Rf5 38.Kf1 Rg5 39.Qe4 Re7 40.f4 Rf5 41.Rd6 Rf6 42.Qh7 Kf7
43.Rd8 Rxf4 44.Qg8+ Kg6 45.Rd3 h4 46.Qd8 Ref7 47.Rd2 e5 48.Kg2 e4 49.a4 Rg4+
50.Kf1 Kh7 51.Qc8 Rgf4 52.Qe6 R7f5 53.Re2 Re5 54.Qd7 Kg6 55.Kg2 Bf6 56.Qxa7 Rg5+
57.Kh1 Bd4 58.Qd7 Bxf2 59.Qe6+ Kh5 60.Rxe4 Rxe4 61.Qxe4 Bc5 62.Qf3+ Kg6  1/2-1/2

[Event "SLO-ch"]
[Site "?"]
[Date "1992.??.??"]
[Round "?"]
[White "Gostisa, Leon"]
[Black "Orel, Oskar"]
[Result "1-0"]
[WhiteElo "2410"]
[BlackElo "2320"]

1.d4 Nf6 2.c4 e6 3.Nf3 b6 4.Nc3 Bb7 5.Bg5 h6 6.Bh4 Be7 7.e3 c5 8.Bd3 cxd4
9.exd4 O-O 10.O-O d5 11.Re1 Nc6 12.Bxf6 Bxf6 13.cxd5 exd5 14.Bc2 Qd6 15.Qd3 g6
16.a3 Rfe8 17.b4 a5 18.b5 Ne7 19.Qd2 Rac8 20.Bd3 Rc7 21.Ne2 Kg7 22.Nf4 Bc8
23.g3 Bg4 24.Ne5 Bf5 25.Re2 Rec8 26.a4 Bg5 27.h4 Bxd3 28.Nexd3 Bf6 29.Ne5 Rc3
30.Ng4 Rc2 31.Nh5+  1-0

[Event "Alekhine op"]
[Site "Smolensk"]
[Date "1992.??.??"]
[Round "2"]
[White "Nikuljshin, Konstantin"]
[Black "Tunik, Gennady"]
[Result "0-1"]
[WhiteElo "2395"]
[BlackElo "2480"]

1.d4 Nf6 2.c4 e6 3.Nf3 b6 4.Nc3 Bb4 5.Bg5 Bb7 6.e3 h6 7.Bh4 g5 8.Bg3 Ne4
9.Qc2 Bxc3+ 10.bxc3 Nxg3 11.fxg3 Qe7 12.Bd3 Nc6 13.O-O O-O-O 14.Rf2 h5 15.Raf1 f5
16.e4 fxe4 17.Bxe4 Rhf8 18.Bxc6 dxc6 19.Re1 g4 20.Ne5 Rxf2 21.Qxf2 Qa3 22.Qd2 Kb8
23.c5 Qxc5 24.Nf7 Rd5 25.Rxe6 a5 26.Ne5 Qb5 27.Qc2 Rd8 28.Re7 Qd5 29.Nd3 c5
30.Nf4 Qd6 31.Re6 Qf8 32.Re5 cxd4 33.cxd4 Rxd4 34.Rxh5 Qd6 35.h4 Rd1+ 36.Kh2 Qd4  0-1

[Event "St Petersburg-ch op"]
[Site "St Petersburg"]
[Date "1992.??.??"]
[Round "?"]
[White "Solozhenkin, Evgeniy"]
[Black "Drozdov, Igor"]
[Result "1-0"]
[WhiteElo "2450"]
[BlackElo "2345"]

1.d4 Nf6 2.c4 e6 3.Nf3 b6 4.Nc3 Bb7 5.a3 g6 6.Qc2 Bg7 7.e4 d6 8.Be2 Nbd7
9.Be3 O-O 10.Nd2 c5 11.d5 exd5 12.cxd5 Re8 13.O-O a6 14.a4 Qc7 15.Rfe1 Re7
16.h3 Rae8 17.Rad1 h6 18.Qb3 Kh7 19.Bd3 Ne5 20.Bb1 g5 21.Ne2 Nfd7 22.Ng3 c4
23.Qa2 Nc5 24.Nxc4 Nxc4 25.Qxc4 Bc8 26.e5+ Kg8 27.Qc2 Bxe5 28.Qh7+ Kf8 29.Nh5 f5
30.Qxh6+ Bg7 31.Nxg7 Rxg7 32.Bd4 Re5 33.Bxe5 dxe5 34.d6 Qc6 35.Ba2  1-0

[Event "Tampere"]
[Site "Tampere"]
[Date "1992.??.??"]
[Round "1"]
[White "Solozhenkin, Evgeniy"]
[Black "Veingold, Aleksandr"]
[Result "1-0"]
[WhiteElo "2450"]
[BlackElo "2465"]

1.d4 Nf6 2.c4 e6 3.Nf3 b6 4.Nc3 Bb7 5.a3 d5 6.cxd5 Nxd5 7.Qc2 Nxc3 8.Qxc3 a5
9.Bf4 Bd6 10.Bg3 O-O 11.e3 Na6 12.Rd1 Rc8 13.Bc4 h6 14.O-O Bxg3 15.hxg3 Nb8
16.Qd3 c5 17.d5 exd5 18.Bxd5 Bxd5 19.Qxd5 Qf6 20.Qe5 Qxe5 21.Nxe5 c4 22.Rd5 c3
23.bxc3 Rxc3 24.Rb1 Nc6 25.Nd7 Ne7 26.Rdd1 Re8 27.a4 Nc8 28.Rdc1 Ra3 29.Rc4 Nd6
30.Rd4 Ne4 31.Nxb6 Ra2 32.Rf1 g6 33.Nd5 Kg7 34.g4 Nc5 35.Nc3 Rc2 36.Nb5 Re4
37.Rfd1 Re5 38.Nd6  1-0